| 000 | 00493nam a2200133Ia 4500 | ||
|---|---|---|---|
| 008 | 170516s9999 xx 000 0 und d | ||
| 245 | _aIs single reading with computer-aided detection (CAD) as good as double reading in mammography screening? A systematic review | ||
| 260 | _bBMC Medical Imaging | ||
| 260 | _c2012 | ||
| 300 | _a12: | ||
| 650 | _xMedical Technology | ||
| 650 | _xMedtech | ||
| 856 | _uhttp://bmcmedimaging.biomedcentral.com/articles?query=&volume=12&searchType=&tab=keyword | ||
| 999 |
_c330411 _d330411 |
||